[Event "Voronezh-ch sf"]
[Site "Voronezh"]
[Date "2008.01.24"]
[Round "6"]
[White "Koshelev, Vladimir"]
[Black "Kalugin, Andrey"]
[Result "1-0"]
[WhiteElo "2007"]
[BlackElo "1995"]
[PlyCount "75"]
[EventDate "2008.01.18"]
[EventType "swiss"]
[EventRounds "9"]
[EventCountry "RUS"]
[SourceTitle "EXT 2010"]
[Source "ChessBase"]
[SourceDate "2010.11.25"]
[SourceVersion "1"]
[SourceVersionDate "2010.11.25"]
[SourceQuality "1"]

1. d4 d5 2. Nf3 c5 3. c3 e6 4. Bf4 Nc6 5. e3 Nf6 6. Nbd2 Bd6 7. dxc5 Bxc5 8. Bb5 0-0 9. 0-0 Nh5 10. Bxc6 Nxf4 11. Ba4 Ng6 12. Bc2 f5 13. Nb3 Bb6 14. g3 e5 15. h4 Qf6 16. Qxd5+ Be6 17. Qd2 Rad8 18. Qe2 Bd5 19. Ng5 Qc6 20. e4 Bc4 21. Qh5 h6 22. exf5 Bxf1 23. Rxf1 hxg5 24. fxg6 Rxf2 25. Rxf2 Bxf2+ 26. Kxf2 Qf6+ 27. Ke2 gxh4 28. Qxh4 b6 29. Nd2 Kf8 30. Ne4 Qxh4 31. gxh4 Ke7 32. Ng5 Rh8 33. Nh7 Rd8 34. Ke3 Rd5 35. Bb3 Rd6 36. h5 Rd7 37. h6 Kd6 38. Bf7 1-0

[Event "Voronezh-ch sf"]
[Site "Voronezh"]
[Date "2008.01.18"]
[Round "1"]
[White "Kalugin, Andrey"]
[Black "Kornilov, Peter"]
[Result "1-0"]
[WhiteElo "1995"]
[BlackElo "2049"]
[PlyCount "81"]
[EventDate "2008.01.18"]
[EventType "swiss"]
[EventRounds "9"]
[EventCountry "RUS"]
[SourceTitle "EXT 2010"]
[Source "ChessBase"]
[SourceDate "2010.11.25"]
[SourceVersion "1"]
[SourceVersionDate "2010.11.25"]
[SourceQuality "1"]

1. e4 c5 2. Nf3 e6 3. d4 cxd4 4. Nxd4 a6 5. Bd3 Nf6 6. Qe2 d6 7. 0-0 e5 8. Nb3 Be7 9. Nc3 h6 10. f4 Nc6 11. Kh1 Be6 12. Be3 b5 13. f5 Bc8 14. a3 Bb7 15. Qf3 Na5 16. Nxa5 Qxa5 17. Qg3 Kf8 18. Rad1 b4 19. axb4 Qxb4 20. Qf3 Bc6 21. Rb1 Kg8 22. h3 Bd8 23. g4 Qb7 24. b4 Kh7 25. Kh2 Qd7 26. Rg1 Kg8 27. Bc4 Rc8 28. Bxa6 Rb8 29. Rgd1 Qc7 30. Rd2 h5 31. Kg3 hxg4 32. hxg4 d5 33. exd5 Nxd5 34. Nxd5 Bh4+ 35. Kg2 e4 36. Qf4 Qd8 37. c4 Ra8 38. b5 Qe8 39. Nc7 Rd8 40. Nxe8 Rxd2+ 41. Bxd2 1-0

[Event "Voronezh op-B 11th"]
[Site "Voronezh"]
[Date "2007.06.15"]
[Round "4"]
[White "Kalugin, Andrey"]
[Black "Demikhov, Vladislav"]
[Result "0-1"]
[WhiteElo "2090"]
[BlackElo "2148"]
[PlyCount "58"]
[EventDate "2007.06.12"]
[EventType "swiss"]
[EventRounds "9"]
[EventCountry "RUS"]
[SourceTitle "EXT 2010"]
[Source "ChessBase"]
[SourceDate "2010.11.25"]
[SourceVersion "1"]
[SourceVersionDate "2010.11.25"]
[SourceQuality "1"]

1. e4 c5 2. Nf3 d6 3. d4 cxd4 4. Nxd4 Nf6 5. Nc3 e6 6. Be3 Be7 7. Be2 0-0 8. Qd2 a6 9. a4 Nc6 10. Nxc6 bxc6 11. a5 d5 12. e5 Nd7 13. f4 Bb4 14. 0-0 c5 15. Ra4 Bxa5 16. b4 Bxb4 17. Rxb4 cxb4 18. Na4 a5 19. Ra1 Ba6 20. Bf3 Qc7 21. Bd4 Rfc8 22. Bd1 Bb5 23. f5 exf5 24. e6 fxe6 25. Qg5 e5 26. Qxf5 Rf8 27. Qe6+ Kh8 28. Bf2 Bxa4 29. Rxa4 Nc5 0-1

[Event "Voronezh-ch"]
[Site "Voronezh "]
[Date "2007.03.09"]
[Round "5"]
[White "Kalugin, Andrey"]
[Black "Demikhov, Vladislav"]
[Result "0-1"]
[WhiteElo "2090"]
[BlackElo "2148"]
[PlyCount "68"]
[EventDate "2007.03.03"]
[EventType "swiss"]
[EventRounds "9"]
[EventCountry "RUS"]
[SourceTitle "EXT 2008"]
[Source "ChessBase"]
[SourceDate "2007.11.25"]
[SourceVersion "1"]
[SourceVersionDate "2007.11.25"]
[SourceQuality "1"]

1. e4 c5 2. Nf3 e6 3. d4 cxd4 4. Nxd4 Nc6 5. Nc3 a6 6. f4 Qc7 7. Be3 b5 8. Be2 Bb7 9. Bf3 Na5 10. Qc1 Nc4 11. Bf2 b4 12. Nce2 Nf6 13. b3 Na3 14. Qe3 Be7 15. 0-0 0-0 16. g4 d5 17. e5 Ne4 18. Bxe4 dxe4 19. c4 Rac8 20. Qg3 e3 21. Bxe3 f6 22. Nxe6 Qc6 23. N2d4 Qh1+ 24. Kf2 Qe4 25. Nxf8 fxe5 26. Nfe6 exd4 27. Nxd4 Rd8 28. Rad1 Nc2 29. Qf3 Bh4+ 30. Ke2 Nxd4+ 31. Rxd4 Qc2+ 32. Rd2 Rxd2+ 33. Bxd2 Bxf3+ 34. Rxf3 Bf6 0-1

[Event "Voronezh-ch"]
[Site "Voronezh "]
[Date "2007.03.05"]
[Round "3"]
[White "Melnikov, Victor"]
[Black "Kalugin, Andrey"]
[Result "1-0"]
[WhiteElo "2007"]
[BlackElo "2090"]
[PlyCount "56"]
[EventDate "2007.03.03"]
[EventType "swiss"]
[EventRounds "9"]
[EventCountry "RUS"]
[SourceTitle "EXT 2008"]
[Source "ChessBase"]
[SourceDate "2007.11.25"]
[SourceVersion "1"]
[SourceVersionDate "2007.11.25"]
[SourceQuality "1"]

1. Nf3 d5 2. c4 d4 3. e3 c5 4. b4 e6 5. Bb2 dxe3 6. fxe3 cxb4 7. d4 Nf6 8. Bd3 Nc6 9. 0-0 Be7 10. e4 Qb6 11. Kh1 Ng4 12. Qe2 e5 13. h3 h5 14. c5 Qc7 15. d5 Nd4 16. Nxd4 exd4 17. d6 Bxd6 18. cxd6 Qxd6 19. e5 Qd8 20. Bb5+ Kf8 21. Nd2 Ne3 22. Rfc1 Be6 23. Ne4 Qd5 24. Ng5 Rd8 25. Nxe6+ fxe6 26. Bd3 Ke7 27. Rc7+ Ke8 28. Bb5+ Kf8 1-0

[Event "Voronezh-ch"]
[Site "Voronezh "]
[Date "2007.03.04"]
[Round "2"]
[White "Kalugin, Andrey"]
[Black "Chekhov, Sergey"]
[Result "0-1"]
[WhiteElo "2090"]
[BlackElo "2168"]
[PlyCount "50"]
[EventDate "2007.03.03"]
[EventType "swiss"]
[EventRounds "9"]
[EventCountry "RUS"]
[SourceTitle "EXT 2008"]
[Source "ChessBase"]
[SourceDate "2007.11.25"]
[SourceVersion "1"]
[SourceVersionDate "2007.11.25"]
[SourceQuality "1"]

1. e4 c5 2. Nf3 d6 3. d4 cxd4 4. Nxd4 Nf6 5. Nc3 Nc6 6. Bg5 Bd7 7. Qd2 Rc8 8. Be2 Qa5 9. Nb3 Qc7 10. Bxf6 gxf6 11. Nd5 Qd8 12. f4 f5 13. exf5 Bxf5 14. 0-0-0 Bg7 15. Bf3 0-0 16. g4 Bd7 17. Ne3 a5 18. Nf5 Bxf5 19. gxf5 a4 20. Rhg1 Kh8 21. f6 Bxf6 22. Na1 Qb6 23. c3 a3 24. Nb3 Na5 25. Qd5 Rc5 0-1

[Event "Voronezh Winter"]
[Site "Voronezh "]
[Date "2006.12.19"]
[Round "11"]
[White "Galanov, Yury"]
[Black "Kalugin, Andrey"]
[Result "1-0"]
[WhiteElo "2026"]
[BlackElo "2048"]
[PlyCount "71"]
[EventDate "2006.12.09"]
[EventType "tourn"]
[EventRounds "11"]
[EventCountry "RUS"]
[SourceTitle "EXT 2008"]
[Source "ChessBase"]
[SourceDate "2007.11.25"]
[SourceVersion "1"]
[SourceVersionDate "2007.11.25"]
[SourceQuality "1"]

1. d4 d5 2. c4 dxc4 3. Nf3 Nf6 4. e3 e6 5. Bxc4 c5 6. 0-0 a6 7. Bb3 b5 8. a4 b4 9. a5 Bb7 10. Ba4+ Nbd7 11. e4 Bxe4 12. Ne5 Be7 13. dxc5 Qc7 14. Bf4 0-0 15. Ng6 Qxc5 16. Nxe7+ Qxe7 17. Bd6 Qe8 18. Nd2 Bd5 19. Nf3 Qd8 20. Bxf8 Qxf8 21. Bxd7 Nxd7 22. Qe2 Qd6 23. Rac1 Qf4 24. Rfd1 h6 25. Qe3 Qg4 26. Rd4 Qg6 27. Rxb4 Nf6 28. h3 h5 29. Qg5 Qd3 30. Ne5 Qe2 31. Qe3 Qxe3 32. fxe3 Ne4 33. Rc7 f6 34. Ng6 Kh7 35. Ne7 Ba2 36. Rxe4 1-0

[Event "Voronezh Winter"]
[Site "Voronezh "]
[Date "2006.12.17"]
[Round "9"]
[White "Kornilov, Peter"]
[Black "Kalugin, Andrey"]
[Result "1-0"]
[WhiteElo "2049"]
[BlackElo "2048"]
[PlyCount "44"]
[EventDate "2006.12.09"]
[EventType "tourn"]
[EventRounds "11"]
[EventCountry "RUS"]
[SourceTitle "EXT 2008"]
[Source "ChessBase"]
[SourceDate "2007.11.25"]
[SourceVersion "1"]
[SourceVersionDate "2007.11.25"]
[SourceQuality "1"]

1. e4 e5 2. Nf3 Nc6 3. Bb5 a6 4. Bxc6 dxc6 5. d3 Qf6 6. Be3 Bg4 7. Nbd2 Bd6 8. h3 Bh5 9. g4 Bg6 10. Qe2 Ne7 11. 0-0-0 c5 12. Bg5 Qe6 13. Bxe7 Bxe7 14. Kb1 f6 15. c4 b5 16. Nh4 Bf7 17. Nf5 Bf8 18. Ne3 c6 19. f4 g6 20. Rhg1 Bd6 21. Nf3 Rf8 22. h4 0-0-0 1-0